000 00256nam a2200109Ia 4500
008 190216s9999||||xx |||||||||||||| ||und||
100 _aBalachandran N T
245 0 _aNjaan Urangugayayirunnu
260 _bCurrent Books
650 _aMalayalam
942 _cBK
999 _c26227
_d26227